Eventy ...

Bibliographic Details
Format: Serial
Language:Slovak
PhysicalDescription:zv. 30 cm
Published: Bratislava Sanoma Magazines Slovakia 2010-
Bratislava Mafra Slovakia]
Subjects:

MARC

LEADER 00000cas a2200000 a 4500
001 vtls012066490
003 SK-MaSNL
005 20260228162032.0
008 210824c20109999xo ar 0 b0slo
040 |a SNK  |b slo  |c SNK  |e AACR2 
041 0 |a slo 
044 |a xo  |c SK 
072 7 |a 005  |x Manažment. Riadenie  |2 konspekt 
072 7 |a 394  |x Verejný a spoločenský život. Každodenný život  |2 konspekt 
080 |a 005.551  |2 2011 
080 |a 005.745  |2 2011 
080 |a 050  |2 2001 
080 |a (058)  |2 2011 
080 |a (051)-048.55  |2 2011 
080 |a 005.64  |2 2011 
080 |a 394.1/.7  |2 2011 
245 0 0 |a Eventy ... 
260 |a Bratislava  |b Sanoma Magazines Slovakia  |c 2010- 
260 3 |3 [2017-  |a Bratislava  |b Mafra Slovakia] 
300 |a zv.  |c 30 cm 
310 |a 1x ročne 
362 0 |a 2010- 
500 |a Súčasťou názvu je označenie kalendárneho roku 
500 |a Podnázov na obale: špecializovaná príloha mesačníka Stratégie 
525 |a Je samostatnou prílohou časopisu: Stratégie 
650 0 7 |a konferencie  |2 SNKPH  |9 19221 
650 0 7 |a tímová práca  |2 SNKPH  |9 49781 
650 0 7 |a kultúrne podujatia  |2 SNKPH  |9 71676 
655 7 |a ročenky  |2 SNKPH  |9 57146 
655 7 |a špecializované časopisy  |2 SNKPH  |9 70509 
772 0 |t Stratégie (Tlačené vydanie)  |x 1335-2016  |w vtls001467591 
910 |a snk 
999 |c 6591  |d 8521 
952 |0 0  |1 0  |4 0  |7 0  |8 0  |a SNK  |b SNK  |d 2021-08-24  |i snk2021/10880  |l 0  |o snkČSB 7691/2010  |p 17A1434639  |r 2026-02-21 21:29:09  |w 2026-02-21  |y PREZ 
952 |0 0  |1 0  |4 0  |7 0  |8 0  |a SNK  |b SNK  |d 2021-08-24  |i snk2021/10881  |l 0  |o snkČSB 7691/2011  |p 17A1434640  |r 2026-02-21 21:29:10  |w 2026-02-21  |y PREZ 
952 |0 0  |1 0  |4 0  |7 0  |8 0  |a SNK  |b SNK  |d 2021-08-24  |i snk2021/10882  |l 0  |o snkČSB 7691/2012  |p 17A1434641  |r 2026-02-21 21:29:10  |w 2026-02-21  |y PREZ 
952 |0 0  |1 0  |4 0  |7 0  |8 0  |a SNK  |b SNK  |d 2021-08-24  |i snk2021/10884  |l 0  |o snkČSB 7691/2013  |p 17A1434642  |r 2026-02-21 21:29:11  |w 2026-02-21  |y PREZ 
952 |0 0  |1 0  |4 0  |7 0  |8 0  |a SNK  |b SNK  |d 2021-08-24  |i snk2021/10885  |l 0  |o snkČSB 7691/2014  |p 17A1434643  |r 2026-02-21 21:29:11  |w 2026-02-21  |y PREZ 
952 |0 0  |1 0  |4 0  |7 0  |8 0  |a SNK  |b SNK  |d 2021-08-24  |i snk2021/10886  |l 0  |o snkČSB 7691/2015  |p 17A1434644  |r 2026-02-21 21:29:11  |w 2026-02-21  |y PREZ 
952 |0 0  |1 0  |4 0  |7 0  |8 0  |a SNK  |b SNK  |d 2021-08-24  |i snk2021/10887  |l 0  |o snkČSB 7691/2016  |p 17A1434645  |r 2026-02-21 21:29:12  |w 2026-02-21  |y PREZ 
952 |0 0  |1 0  |4 0  |7 0  |8 0  |a SNK  |b SNK  |d 2021-08-24  |i snk2021/10889  |l 0  |o snkČSB 7691/2017  |p 17A1434646  |r 2026-02-21 21:29:12  |w 2026-02-21  |y PREZ 
952 |0 0  |1 0  |4 0  |7 0  |8 0  |a SNK  |b SNK  |d 2021-08-24  |i snk2021/10890  |l 0  |o snkČSB 7691/2018  |p 17A1434647  |r 2026-02-21 21:29:12  |w 2026-02-21  |y PREZ 
952 |0 0  |1 0  |4 0  |7 0  |8 0  |a SNK  |b SNK  |d 2021-08-24  |i snk2021/10891  |l 0  |o snkČSB 7691/2019  |p 17A1434648  |r 2026-02-21 21:29:12  |w 2026-02-21  |y PREZ 
952 |0 0  |1 0  |4 0  |7 0  |8 0  |a SNK  |b SNK  |d 2021-08-24  |i snk2021/10892  |l 0  |o snkČSB 7691/2017 D1  |p 17A1434665  |r 2026-02-21 21:29:12  |w 2026-02-21  |y PREZ 
952 |0 0  |1 0  |4 0  |7 0  |8 0  |a SNK  |b SNK  |d 2021-08-24  |i snk2021/10894  |l 0  |o snkČSB 7691/2018 D1  |p 17A1434664  |r 2026-02-21 21:29:12  |w 2026-02-21  |y PREZ 
952 |0 0  |1 0  |4 0  |7 0  |8 0  |a SNK  |b SNK  |d 2021-08-24  |i snk2021/10895  |l 0  |o snkČSB 7691/2019 D1  |p 17A1434663  |r 2026-02-21 21:29:12  |w 2026-02-21  |y PREZ 
952 |0 0  |1 0  |4 0  |7 0  |8 1  |a SNK  |b SNK  |d 2024-11-20  |i snk2024/17521  |l 0  |o snkČSB 7691/2020  |p 17A1524858  |r 2026-02-21 21:29:34  |w 2026-02-21  |y PREZ  |z September 2020 
952 |0 0  |1 0  |4 0  |7 0  |8 0  |a SNK  |b SNK  |d 2024-11-20  |i snk2024/17522  |l 0  |o snkČSB 7691/2021  |p 17A1524859  |r 2026-02-21 21:29:34  |w 2026-02-21  |y PREZ  |z September 2021 
952 |0 0  |1 0  |4 0  |7 0  |8 0  |a SNK  |b SNK  |d 2024-11-20  |i snk2024/17524  |l 0  |o snkČSB 7691/2022  |p 17A1524860  |r 2026-02-21 21:29:34  |w 2026-02-21  |y PREZ  |z September 2022 
952 |0 0  |1 0  |4 0  |7 0  |8 0  |a SNK  |b SNK  |d 2024-11-20  |i snk2024/17525  |l 0  |o snkČSB 7691/2023  |p 17A1524861  |r 2026-02-21 21:29:40  |w 2026-02-21  |y PREZ  |z Október 2023